MARC

LEADER 00000nam0a2200000 4500
001 247121
005 20231101232255.0
035 |a (RuTPU)RU\TPU\book\268594 
090 |a 247121 
100 |a 20131217d1977 k y0rusy50 ca 
101 0 |a rus 
102 |a RU 
105 |a a z 001zy 
200 1 |a Физико-химическая и релятивистская газодинамика  |e сборник статей  |f А. С. Компанеец  |g Академия наук СССР (АН СССР), Институт химической физики им. Н. Н. Семенова (ИХФ) 
210 |a Москва  |c Наука  |d 1977 
215 |a 287 с.  |c ил. 
320 |a Библиогр. в конце статей 
606 1 |a Физика теоретическая  |2 stltpush  |3 (RuTPU)RU\TPU\subj\63728  |9 80703 
606 1 |a Газовая динамика, прикладная  |x (физика)  |2 stltpush  |3 (RuTPU)RU\TPU\subj\4566  |9 32820 
610 1 |a плазма 
610 1 |a радиоизлучение 
610 1 |a газ 
610 1 |a нагревание 
610 1 |a точечный взрыв 
610 1 |a электродинамика 
610 1 |a теория относительности 
610 1 |a квантовая механика 
610 1 |a уравнения 
610 1 |a импульсы 
610 1 |a распространение 
675 |a 530.1  |v 3 
675 |a 533.6  |v 3 
700 1 |a Компанеец  |b А. С.  |g Александр Соломонович 
712 0 2 |a Академия наук СССР (АН СССР)  |b Институт химической физики им. Н. Н. Семенова (ИХФ)  |c (Москва)  |2 stltpush  |3 (RuTPU)RU\TPU\col\1482 
801 1 |a RU  |b 63413507  |c 20131217 
801 2 |a RU  |b 63413507  |c 20200828  |g RCR 
942 |c BK